00171nam a2200073Ia 4500008004100000100001300041245002500054260001800079170524s9999 xx 000 0 und d aKEVIN- S 0aPORTFOLIO MANAGEMENT bPHI NEW DELHI